000 00640nam a2200193Ia 4500
003 GCL
008 140319s9999 xx 000 0 ara d
020 _a417215977
040 _aGCL /
_cGCL
082 0 4 _a214.7
_bا ا
100 1 _aاسماعيل الفاروقى
245 1 0 _aالاسلام والفن /
_cاسماعيل الفاروقى
260 _aالقاهرة :
_bدار غريب للطباعة والنشر والتوزيع ،
_c1999
300 _a103 ص ؛
_c23 سم
650 0 4 _aالثقافة الاسلامية
650 0 4 _aالدعوة الاسلامية
650 0 4 _aالاسلام والفن
942 _2ddc
_cBK
999 _c44742
_d44742